| 000 | 00615nam a2200217 a 4500 | ||
|---|---|---|---|
| 001 | BRCA_6982 | ||
| 005 | 20190320205651.0 | ||
| 008 | 221111s1946----enka######---#000-0#eng-# | ||
| 041 | _aeng | ||
| 044 | _aenk | ||
| 050 | 4 |
_aN1070 _b.D27 |
|
| 100 | 1 |
_aDavies, Martin _917381 |
|
| 245 | 1 | 0 |
_aA few saints from pictures in the National Gallery _cMartin Davies |
| 260 |
_aLondres _cTrustees _e1946 _bil., 44 láminas _c?? cm. |
||
| 500 | _aO214 | ||
| 610 | 2 | 4 |
_aNational Gallery (Londres) _914025 |
| 650 | 1 | 4 |
_aSantos _xArte _917382 |
| 650 | 1 | 4 |
_aGalerías y museos _zInglaterra _917383 |
| 902 | _aGFM | ||
| 942 |
_2lcc _cB |
||
| 999 |
_c6663 _d6663 |
||